Ante las presuntas religiones del hombre fósil a la luz de la vocación actual de la antropología / (Record no. 106258)

MARC details
000 -LEADER
campo de control de longitud fija 00852nam a2200205 i 4500
001 - NÚMERO DE CONTROL
campo de control 106258
003 - IDENTIFICADOR DE NÚMERO DE CONTROL
campo de control ES-MaACL
005 - FECHA Y HORA DE LA ÚLTIMA TRANSACCIÓN
campo de control 20250728113925.0
007 - CAMPO FIJO DE DESCRIPCIÓN FÍSICA--INFORMACIÓN GENERAL
campo de control de longitud fija t|
008 - DATOS DE LONGITUD FIJA--INFORMACIÓN GENERAL
campo de control de longitud fija 061017s1999 sp ||||1| spa d
080 ## - NÚMERO DE LA CLASIFICACIÓN DECIMAL UNIVERSAL
Número de la Clasificación Decimal Universal 299.992
100 0# - ENTRADA PRINCIPAL--NOMBRE DE PERSONA
Nombre de persona Gómez-Tabanera, José Manuel,
Fechas asociadas al nombre 1926-2011
9 (RLIN) 58165
245 10 - MENCIÓN DEL TÍTULO
Título Ante las presuntas religiones del hombre fósil a la luz de la vocación actual de la antropología /
Mención de responsabilidad, etc. José Manuel Gómez-Tabanera.
260 ## - PUBLICACIÓN, DISTRIBUCIÓN, ETC.
Lugar de publicación, distribución, etc. [S.l. :
Nombre del editor, distribuidor, etc. s.n.,
Fecha de publicación, distribución, etc. 1999]
300 ## - DESCRIPCIÓN FÍSICA
Extensión [6] h. ;
Dimensiones 30 cm.
500 ## - NOTA GENERAL
Nota general Ejemplar fotocopiado de un artículo en el: Homenaje al profesor Dr. Miguel A. García Guinea, publicado en Sautuola VI, Revista del Instituto de Prehistoria y Arqueología Sautuola, Santander 1999.
650 17 - PUNTO DE ACCESO ADICIONAL DE MATERIA--TÉRMINO DE MATERIA
Término de materia o nombre geográfico como elemento de entrada Religiones primitivas
Fuente del encabezamiento o término embne
9 (RLIN) 16825
852 ## - LOCALIZACIÓN
Ubicación ES-MaACL
Número de control de estantería 2206-F-43
Sublocalización o colección R.138030
Holdings
Estatus retirado Estado de pérdida Estado de daño No para préstamo Colección Biblioteca de origen Biblioteca actual Ubicación en estantería Fecha de adquisición Fuente de adquisición Total de préstamos Signatura topográfica completa Código de barras Visto por última vez Precio de reemplazo Tipo de ítem Koha
        Colección de folletos Biblioteca del Ateneo de Madrid Biblioteca del Ateneo de Madrid Depósito folletos 17/01/2008     2206-F-43 1110925 23/02/2023 23/02/2023 Folleto